| 000 | 00431nam a2200157Ia 4500 | ||
|---|---|---|---|
| 008 | 240729s9999 xx 000 0 und d | ||
| 022 | _a2235-2988 | ||
| 245 | 0 | _aFrontiers in Cellular and Infection Microbiology | |
| 260 | _aSwitzerland | ||
| 260 | _bFrontiers Media S.A. | ||
| 650 | _a Microbiology | ||
| 650 | _aScience | ||
| 856 | _uhttps://doaj.org/toc/0bc2ff6a53704d259752f6ff11aac7d1 | ||
| 942 | _2ddc | ||
| 942 | _cDOAJEJ | ||
| 999 |
_c67316 _d67316 |
||
| 945 |
_a1 _bMadushi Gamage _c1 _dMadushi Gamage |
||